Score 0/20 Timer 04:00
2 Plays Today
Begins and Ends Book % Correct
P _ _ _ E    A _ D   P _ _ _ _ _ _ _ EPride and Prejudice
87.8%
T _ E   B _ _ L   J _ RThe Bell Jar
86.7%
B _ _ _ E   N _ W   W _ _ _ DBrave New World
86.7%
G _ _ _ T   E _ _ _ _ _ _ _ _ _ _ SGreat Expectations
83.8%
A _ _ _ _ L    F _ _ MAnimal Farm
83.1%
J _ _ E    E _ _ EJane Eyre
81.2%
T _ E    G _ _ _ _ S    O F    W _ _ _ HThe Grapes of Wrath
79.1%
A _ _ A   K _ _ _ _ _ _ AAnna Karenina
77.7%
A   C _ _ _ _ _ _ _ K    O _ _ _ _ EA Clockwork Orange
74.9%
T _ E   C _ _ _ R    P _ _ _ _ EThe Color Purple
71.2%
Begins and Ends Book % Correct
L _ _ _ _ E   W _ _ _ NLittle Women
71.1%
S _ _ G   O F    S _ _ _ _ _ NSong of Solomon
66%
T _ E   S _ _ _ _ _ T    L _ _ _ _ RThe Scarlet Letter
65.9%
T _ E H _ _ _ _ _ _ _ 'S T _ _ EThe Handmaid's Tale
65.3%
B _ _ _ K    B _ _ _ _ YBlack Beauty
63.2%
C _ _ 'S    C _ _ _ _ ECat's Cradle
54.8%
O _ _ _ _ _ YOdyssey
52.3%
T _ _ _ _ _ _ E    I _ _ _ _ DTreasure Island
43.2%
D _ _ _ _ _ ADracula
42.7%
T _ E    T _ _ _ E   M _ _ _ _ _ _ _ _ SThe Three Musketeers
36.8%
Remove Ads.
Support Sporcle.
Get the best of Sporcle when you Go Orange. This ad-free experience offers more features, more stats, and more fun while also helping to support Sporcle. Thank you for becoming a member.

You're not logged in!

Compare scores with friends on all Sporcle quizzes.
OR
Log In

Show Comments

Extras

Top Quizzes Today


Score Distribution

Your Account Isn't Verified!

In order to create a playlist on Sporcle, you need to verify the email address you used during registration. Go to your Sporcle Settings to finish the process.

Report this User

Report this user for behavior that violates our Community Guidelines.

Details: